A complete treatise on practical land-surveying, in seven parts (Record no. 113994)
[ view plain ]
| 000 -LEADER | |
|---|---|
| fixed length control field | 00723cam a22001935a 4500 |
| 001 - CONTROL NUMBER | |
| control field | L156034 |
| 008 - FIXED-LENGTH DATA ELEMENTS--GENERAL INFORMATION | |
| fixed length control field | 120426s1833 xxk f 000 0 eng d |
| 035 ## - SYSTEM CONTROL NUMBER | |
| System control number | (Sirsi) u156034 |
| 041 0# - LANGUAGE CODE | |
| Language code of text/sound track or separate title | eng |
| 100 1# - MAIN ENTRY--PERSONAL NAME | |
| Personal name | Nesbit, Anthony |
| Dates associated with a name | 1778-1859 |
| 245 02 - TITLE STATEMENT | |
| Title | A complete treatise on practical land-surveying, in seven parts |
| Remainder of title | designed chiefly for the use of schools and private students |
| 250 ## - EDITION STATEMENT | |
| Edition statement | 5th ed., greatly enlarged by numerous additions and improvements |
| 260 ## - PUBLICATION, DISTRIBUTION, ETC. | |
| Place of publication, distribution, etc. | York |
| Name of publisher, distributor, etc. | Longman, Rees, Orme, Brown, Green and Longman |
| Date of publication, distribution, etc. | 1833 |
| 300 ## - PHYSICAL DESCRIPTION | |
| Extent | xix, 392, 16 p. |
| Other physical details | plates |
| Dimensions | 24 cm. |
| 583 ## - ACTION NOTE | |
| Action | Condition reviewed |
| Time/date of action | 20120620 |
| Status | condition level 4 |
| 651 #4 - SUBJECT ADDED ENTRY--GEOGRAPHIC NAME | |
| Geographic name | Great Britain |
| Chronological subdivision | 1707- |
| 690 ## - LOCAL SUBJECT ADDED ENTRY--TOPICAL TERM (OCLC, RLIN) | |
| Topical term or geographic name as entry element | Measurement |
| 9 (RLIN) | 6256 |
| 942 ## - ADDED ENTRY ELEMENTS (KOHA) | |
| Suppress in OPAC | 0 |
| Withdrawn status | Lost status | Damaged status | Not for loan | Home library | Current library | Shelving location | Date acquired | Total Checkouts | Full call number | Barcode | Date last seen | Copy number | Price effective from | Koha item type |
|---|---|---|---|---|---|---|---|---|---|---|---|---|---|---|
| Historic collection | Historic collection | Historic collection | 26/04/2012 | LAND QUARTO 1833 NESBIT | 30077883 | 20/08/2025 | 1 | 06/08/2019 | Book |